Sports Quiz

Random Sports Quiz
Score 0/60 Timer 08:00
0 Plays Today
% Correct
Big Show
95.1%
Big Show
95.1%
Big Show
95.1%
Big Show
95.1%
Big Show
95.1%
Big Show
95.1%
Sheamus
94.5%
John Cena
94.4%
John Cena
94.4%
Kane
93.6%
Kane
93.6%
CM Punk
91.3%
Chris Jericho
90.4%
Chris Jericho
90.4%
Chris Jericho
90.4%
Chris Jericho
90.4%
The Miz
90.1%
The Miz
90.1%
The Miz
90.1%
The Miz
90.1%
The Miz
90.1%
Dolph Ziggler
88.7%
Dolph Ziggler
88.7%
Dolph Ziggler
88.7%
Dolph Ziggler
88.7%
Randy Orton
88.5%
Kofi Kingston
85.8%
Kofi Kingston
85.8%
Kofi Kingston
85.8%
Santino Marella
85.4%
% Correct
Santino Marella
85.4%
Santino Marella
85.4%
Daniel Bryan
84.8%
Daniel Bryan
84.8%
Cody Rhodes
82.5%
Cody Rhodes
82.5%
Wade Barrett
82.1%
Kofi Kingston
78.7%
Jack Swagger
78.5%
Jack Swagger
78.5%
Jack Swagger
78.5%
Mark Henry
77.7%
The Rock
75.6%
Christian
75.1%
Brock Lesnar
73.5%
Zack Ryder
73.1%
Zack Ryder
73.1%
Zack Ryder
73.1%
R-Truth
72.8%
R-Truth
72.8%
Antonio Cesaro
69.3%
The Great Khali
62.6%
The Great Khali
62.6%
Booker T
46.5%
Drew McIntyre
43.6%
John Laurinaitis
36.4%
Brodus Clay
35.5%
Beth Phoenix
33.8%
Nikki Bella
29.7%
Alex Riley
19.5%
Remove Ads.
Support Sporcle.
Get the best of Sporcle when you Go Orange. This ad-free experience offers more features, more stats, and more fun while also helping to support Sporcle. Thank you for becoming a member.

You're not logged in!

Compare scores with friends on all Sporcle quizzes.
OR
Log In

Show Comments

Extras

Created Jul 29, 2012ReportNominate
Tags:2012, Edition, Five, gimme, Wrestlers, Wrestling

Top Quizzes Today


Score Distribution

Your Account Isn't Verified!

In order to create a playlist on Sporcle, you need to verify the email address you used during registration. Go to your Sporcle Settings to finish the process.

Report this User

Report this user for behavior that violates our Community Guidelines.

Details: